000 00771nam a2200253Ia 4500
003 OSt
005 20220918170246.0
006 a|||||r|||| 00| 0
007 ta
008 220917b |||||||| |||| 00| 0 eng d
020 _a9780062075994 (hbk)
_c1086.40
024 _a268,625
037 _b214, 18/01/2013, University Book House
_cTextual
040 _aARTS
_cARTS
_beng
041 _2eng
_aeng
082 _aX:89A, Q2
100 _aVaitheeswaran Vijay V.
_927928
245 0 _aNeed, speed, and greed
260 _aNew York
_bHarper Collins Publishers U.S.A
_c2012
300 _aviii, 292p.
_ccm.
650 _aECONOMICS
942 _hX:89A, Q2
_cTEXL
_2CC
999 _c133281
_d133281